Třináct snů o svobodě : osudy židovského Brna ve třech stoletích /

Hlavní autor: Konečný, Michal, 1982-
Jazyk: Čeština
Vydáno: Brno : Židovská obec Brno :Host, 2024
Vydání: První vydání
Témata:
Fyzický popis: 189 stran : ilustrace (některé barevné), portréty ; 21 cm
Knihy
Uloženo v:
LEADER 02639cam a2200661 i 4500
001 nkc20253674945
003 CZ PrNK
005 20250522101932.0
007 ta
008 250211s2024 xr ac e 000 0ccze d
015 |a cnb003674945 
020 |a 978-80-275-2472-3  |q (Host ;  |q brožováno) 
035 |a (OCoLC)1523000026 
040 |a KLG001  |b cze  |d BOA001  |e rda 
043 |a e-xr---  |b e-xr-jm  |2 czenas 
045 |a v-x- 
072 7 |a 94(437)  |x Dějiny Česka a Slovenska  |2 Konspekt  |9 8 
072 7 |a 929  |x Biografie  |2 Konspekt  |9 8 
080 |a (=411.16)  |2 MRF 
080 |a 929-058.1-027.541  |2 MRF 
080 |a 94(=411.16)  |2 MRF 
080 |a 323.28  |2 MRF 
080 |a 316.72/.75-027.22  |2 MRF 
080 |a 94(437.322)  |2 MRF 
080 |a 929  |2 MRF 
080 |a (437.322)  |2 MRF 
080 |a (092)  |2 MRF 
100 1 |a Konečný, Michal,  |d 1982-  |7 mzk2004246393  |4 aut 
245 1 0 |a Třináct snů o svobodě :  |b osudy židovského Brna ve třech stoletích /  |c Michal Konečný 
250 |a První vydání 
264 1 |a Brno :  |b Židovská obec Brno :  |b Host,  |c 2024 
300 |a 189 stran :  |b ilustrace (některé barevné), portréty ;  |c 21 cm 
336 |a text  |b txt  |2 rdacontent 
337 |a bez média  |b n  |2 rdamedia 
338 |a svazek  |b nc  |2 rdacarrier 
504 |a Obsahuje bibliografii 
648 7 |a 18.-20. století  |7 ch757019  |2 czenas 
650 0 7 |a Židé  |7 ph127782  |z Česko  |y 18.-20. století  |2 czenas 
650 0 7 |a osobnosti regionu  |7 ph406516  |z Česko  |y 18.-20. století  |2 czenas 
650 0 7 |a dějiny Židů  |7 ph489410  |z Česko  |y 18.-20. století  |2 czenas 
650 0 7 |a Židé  |7 ph127782  |x perzekuce  |y 18.-20. století  |2 czenas 
650 0 7 |a dialog kultur  |7 ph478605  |z Česko  |y 18.-20. století  |2 czenas 
650 0 9 |a Jews  |z Czechia  |y 18th-20th centuries  |2 eczenas 
650 0 9 |a regional celebrities  |z Czechia  |y 18th-20th centuries  |2 eczenas 
650 0 9 |a history of the Jews  |z Czechia  |y 18th-20th centuries  |2 eczenas 
650 0 9 |a Jews  |x persecutions  |y 18th-20th centuries  |2 eczenas 
650 0 9 |a dialogue of cultures  |z Czechia  |y 18th-20th centuries  |2 eczenas 
651 7 |a Brno (Česko)  |7 ge134084  |x dějiny  |y 18.-20. století  |2 czenas 
651 9 |a Brno (Czechia)  |x history  |y 18th-20th centuries  |2 eczenas 
655 7 |a biografie  |7 fd131909  |2 czenas 
655 9 |a biography  |2 eczenas 
910 2 |a BOA001  |b 2-1544.071 
920 |a 1650095  |z KLG001 
990 |a BK 
995 |a 01 
991 |b 202505  |c NOV 
996 6 |b 2611001283  |c 2-1544.071  |l MZK  |r Sklad / do 1 hodiny  |n 1  |p p.v.  |w 002003109  |u 000010  |a 1  |e BOA001  |j MZK50  |s P 
996 7 |b 2611001284  |c 2-1544.071  |l MZK  |r Sklad / do 1 hodiny  |n 4  |p p.v.  |w 002003109  |u 000020  |a 1  |e BOA001  |j MZK50  |s A